Entrada Nombre personal
Número de registros utilizados en: 1
001 - NÚMERO DE CONTROL
003 - IDENTIFICADOR DEL NÚMERO DE CONTROL
- campo de control:
DR-UNIBE
005 - FECHA Y HORA DE LA ÚLTIMA TRANSACCIÓN
- campo de control:
20250428093518.0
008 - DATOS DE LONGITUD FIJA
- campo de control de longitud fija:
250428|| aca||aabn | a|a d
040 ## - FUENTE DE LA CATALOGACIÓN
- Centro catalogador/agencia de origen:
DR-UNIBE
- Centro/agencia transcriptor:
DR-UNIBE
100 ## - ENCABEZAMIENTO-NOMBRE DE PERSONA
- Nombre de persona:
Cassá, Constancio
- Fechas asociadas al nombre:
1953-
- Forma completa/desarrollada del nombre:
(Cassá Bernaldo de Quirós, Constancio José)
- Títulos y otros términos asociados al nombre:
autor
670 ## - FUENTE DE DATOS ENCONTRADOS
- Cita de la fuente:
Work cat.: (DR-UNIBE)113489: Cassá, Constancio 1953- (Cassá Bernaldo de Quirós, Constancio José) autor, Imágenes constanceras : , 2024